000 00938cam a2200265 a 4500
001 000007513
005 20200929154209.0
008 831103s1981 cu 000 e spa d
035 _a(DLC) 83223553
040 _aDO-SdBNP
_cDLC
_dMH
_dDLC
082 _aCu864.4
_bL686i
100 1 _aLezama Lima, José,
_d1910-1976.
_920860
245 1 0 _aImagen y posibilidad /
_cJosé Lezama Lima ; prólogo de Ciro Bianchi Ross.
260 _aLa Habana, Cuba :
_bLetras Cubanas,
_c1981.
300 _a203 p. ;
_c20 cm.
490 1 _aCrítica
650 4 _aEnsayos cuabanos
_920861
650 4 _aLiteratura cubana
_xHistoria y crítica
_ySIGLO XX
_vENSAYOS CONFERENCIAS, ETC.
_920862
650 4 _aLiteratura latinoamericana
_xHistoria y crítica
_ySIGLO XX
_vENSAYOS CONFERENCIAS, ETC.
_920863
700 1 _aRoss, Ciro Bianchi,
_epról.
_920864
830 0 _aCrítica
_920746
910 _aCatalogación por copia / LC
910 _aWM
049 _aBNPHU
999 _c7294
_d7294